MARC

LEADER 00000nam0a2200000 4500
001 326855
005 20231102003913.0
035 |a (RuTPU)RU\TPU\book\352515 
090 |a 326855 
100 |a 20170118d1978 km y0rusy50 ca 
101 0 |a rus 
102 |a RU 
105 |a a z 001zy 
200 1 |a Основы инженерно-психологического проектирования АСУ ТП  |f А. И. Галактионов 
210 |a Москва  |c Энергия  |d 1978 
215 |a 208 с.  |c ил. 
225 1 |a Применение вычислительных машин в исследованиях и управлении производством 
320 |a Библиогр.: с. 204-207 
606 1 |a Автоматизированные системы управления технологическими процессами (АСУ ТП)  |2 stltpush  |3 (RuTPU)RU\TPU\subj\742  |9 29554 
606 1 |a Операторы автоматических устройств  |2 stltpush  |3 (RuTPU)RU\TPU\subj\47035  |9 66103 
610 1 |a инженерно-психологическое проектирование 
610 1 |a проектирование 
610 1 |a человеко-машинные взаимодействия 
610 1 |a решение задач 
610 1 |a отображение информации 
610 1 |a представление данных 
610 1 |a моделирующие стенды 
610 1 |a психофизиология 
675 |a 658.512.4.011.56  |v 3 
675 |a 681.5  |v 3 
700 1 |a Галактионов  |b А. И.  |g Анатолий Иванович 
801 1 |a RU  |b 63413507  |c 20170118 
801 2 |a RU  |b 63413507  |c 20200818  |g RCR 
942 |c BK